wszystkie państwa na karaibach - Statystyki

Ogólne statystyki
  • Ten quiz został rozwiązany 39 razy
  • Średni wynik to 10 z 13
Statystyki odpowiedzi
Obrazkowy Odpowiedź % Poprawnych
kuba
100%
dominika
96%
jamajka
96%
dominikana
91%
haiti
83%
barbados
78%
grenada
78%
saint kitts i nevis
74%
saint lucia
74%
trynidad i tobago
74%
bahamy
70%
antigua i barbuda
65%
saint vincent i grenadyny
65%
Nie znaleziono quizów pasujących do podanych kryteriów
Rozkład punktacji
Procent ludzi z każdym wynikiem
Percentyl według liczby udzielonych odpowiedzi
Twoja historia wyników
Nie rozwiązałeś tego quizu